Điều chỉnh Quy hoạch phát triển các khu công nghiệp tỉnh Bình Dương đến năm 2020 Kỳ cuối

Tallennettuna:
Bibliografiset tiedot
Päätekijä: Phương Lê
Aineistotyyppi: Kirja
Kieli:Undetermined
Aiheet:
Linkit:http://lrc.tdmu.edu.vn/opac/search/detail.asp?aID=2&ID=26041
Tagit: Lisää tagi
Ei tageja, Lisää ensimmäinen tagi!
Thư viện lưu trữ: Trung tâm Học liệu Trường Đại học Thủ Dầu Một
LEADER 00762nam a2200169Ia 4500
001 TDMU_26041
008 210410s9999 xx 000 0 und d
082 |a 338.4 
100 |a Phương Lê 
245 0 |a Điều chỉnh Quy hoạch phát triển các khu công nghiệp tỉnh Bình Dương đến năm 2020 
245 0 |c Phương Lê 
245 0 |n Kỳ cuối 
245 0 |p Bình Dương thực hiện tốt điều chỉnh quy hoạch 
300 |a 4tr 
650 |a Quy hoạch; Phát triển; Khu công nghiệp; Bình Dương; Năm 2020; Môi trường; Kinh tế 
856 |u http://lrc.tdmu.edu.vn/opac/search/detail.asp?aID=2&ID=26041 
980 |a Trung tâm Học liệu Trường Đại học Thủ Dầu Một